000 00818nam a2200241 a 4500
001 BRL_270
005 20190320210650.0
008 170713s1954----mx-a######---#000-0dspa-#
041 _aspa
044 _amx
050 4 _aGV200.15
_b.F47 1954
100 1 _aFernández Vilchis, Ofelia
_923419
245 1 0 _aEduardo San Vicente
_bMis expediciones .... mi vida : La tragedia del Monte Victoria, en las montañas rocallosas de Canadá
_cpor Ofelia Fernández Vilchis ; prólogo y recopilación de datos por Roberto Mangas Alfaro.
260 _aMéxico
_bs.n.
_c1954
300 _a164 p.
_bil.
_c19 cm.
500 _aAu2308
600 1 4 _aVicente, Eduardo San
_923420
650 1 4 _aAlpinismo
_916779
650 1 4 _aAlpinistas
_zMéxico
_923421
700 1 _aMangas Alfaro, Roberto
_923422
902 _aGRL
942 _2lcc
_cB
999 _c9083
_d9083